000 01003cam a2200277Ia 4500
999 _c9835
_d9835
001 13316988
003 OCoLC
005 20210204162350.0
008 860320s1963 miu b 000 0 eng d
035 _a(OCoLC)13316988
_z(OCoLC)3755488
040 _aNCA
_beng
_cNCA
_dOCL
_dOCLCG
_dOCLCQ
_dOCLCO
_dOCLCA
_dOCLCQ
_dOCLCA
_dOCLCF
_dSJG
_dOCLCQ
_dCIRBC
050 4 _aBS1665.3
_bUN57Z
082 0 4 _a224.9807
_bUN57Z
092 0 _a224.9807
_bUN57Z
100 1 _aUnger, Merrill F.
_q(Merrill Frederick),
_d1909-1980.
245 1 0 _aZechariah :
_bprophet of Messiah's glory /
_cby Merrill F. Unger.
260 _aGrand Rapids, Mich. :
_bZondervan Pub. House,
_c1963
_g(1983 printing)
300 _a275 pages ;
_c23 cm
336 _atext
_btxt
_2rdacontent
337 _aunmediated
_bn
_2rdamedia
338 _avolume
_bnc
_2rdacarrier
504 _aIncludes bibliographical references (pages 273-275).
630 0 0 _aBible.
_pZechariah
_vCommentaries.
655 7 _aCommentaries.
_2fast
_0(OCoLC)fst01423723
942 _2ddc
_cBK